000 00835nam a22002657a 4500
001 BR8702256
003 BR-BrBNA
005 20230928092446.0
007 ta
008 230509b bl.||||| |||| 00| 0 por d
040 _aBR-BrBNA
_bpor
_cBiblioteca Nacional de Agricultura
041 _a(Por)
072 _aE20; E12
_b/G514
090 _ E20 BR8702256
100 1 _aCelinski, L.
110 1 _aAssociacao de Orientacao as Cooperativas, Curitiba, PR (Brasil)
_9544
245 1 _aGuia de desenvolvimento e administracao de recursos humanos 1. F. 3
_bSeparata ASSOCEP, 11
260 3 _aCuritiba, PR (Brasil):
_c1982.
300 _a110 p.
500 _a(*) Documento disponível no(a) OCEPAR, Cascavel, PR (Brazil)
650 _aADMINISTRACAO
650 _aRECURSO HUMANO
909 _a202309
_bLucia
_c55
_dLucia Elande
942 _cBK
999 _c39182
_d39182